Catálogo público

Color Atlas of diseases and disorders of the pig / (Record no. 164710)

MARC details
000 -CABECERA
campo de control de longitud fija 00720nam a2200277Ia 4500
001 - NÚMERO DE CONTROL
campo de control Z_1623
003 - IDENTIFICADOR DEL NÚMERO DE CONTROL
campo de control CHAP
008 - DATOS DE LONGITUD FIJA--INFORMACIÓN GENERAL
campo de control de longitud fija 220113s1990 xx 000 0 und d
010 ## - NÚMERO DE CONTROL DE LA BIBLIOTECA DEL CONGRESO
Número de control de LC 164710
040 ## - FUENTE DE LA CATALOGACIÓN
Centro/agencia transcriptor CHAP
082 ## - NÚMERO DE LA CLASIFICACIÓN DECIMAL DEWEY
Número de clasificación 636.4089 C6
100 ## - ENTRADA PRINCIPAL--NOMBRE DE PERSONA
Nombre de persona
245 ## - MENCIÓN DE TÍTULO
Título Color Atlas of diseases and disorders of the pig /
Mención de responsabilidad, etc. by W. J. Smith, D. J. Taylor and R. H. C. Penny
260 ## - PUBLICACIÓN, DISTRIBUCIÓN, ETC.
Lugar de publicación, distribución, etc. Ames :
Nombre del editor, distribuidor, etc. Iowa State University,
Fecha de publicación, distribución, etc. 1990
300 ## - DESCRIPCIÓN FÍSICA
Extensión 192 p. ; ilus.
440 ## - MENCIÓN DE SERIE/PUNTO DE ACCESO ADICIONAL--TÍTULO
Título
500 ## - NOTA GENERAL
Nota general
503 ## - NOTA DE HISTORIA BIBLIOGRÁFICA (BK CF MU) [OBSOLETO]
Nota de historia bibliográfica 163168
650 ## - PUNTO DE ACCESO ADICIONAL DE MATERIA--TÉRMINO DE MATERIA
Término de materia o nombre geográfico como elemento de entrada Ganado porcino
Subdivisión general Enfermedades I. Smith, W. J. II. Taylor, D. J. III. Penny, R. H.
9 (RLIN) 138786
901 ## - ELEMENTOS DE DATOS A LOCAL LDA (RLIN)
a 636.4089 C6
902 ## - ELEMENTOS DE DATOS B LOCAL, LDB (RLIN)
a A
910 ## - DATOS DE OPCIÓN DEL USUARIO (OCLC)
Datos de opción del usuario 1990
942 ## - ELEMENTOS DE PUNTO DE ACCESO ADICIONAL (KOHA)
Tipo de ítem Koha Libro_
942 ## - ELEMENTOS DE PUNTO DE ACCESO ADICIONAL (KOHA)
Tipo de ítem Koha
Holdings
Estado de retiro Estado de pérdida Fuente del sistema de clasificación o colocación Estado dañado No para préstamo Código de colección Localización permanente Ubicación/localización actual Ubicación en estantería Fecha de adquisición Código de barras Fecha visto por última vez Número de copia Precio válido a partir de Tipo de ítem Koha
    Dewey Decimal Classification     Consulta Zootecnia Zootecnia   09/11/2005 z_1531 09/02/2024 1 18/01/2022 Libro